000
00267nam a22001217a 4500
008
190305b xxu||||| |||| 00| 0 eng d
041
_a
eng
080
_a
710
100
_a
45
101
_a
ART
245
_a
The Sporting Art Auction
_c
Pavilion, K.S
942
_2
udc
_c
BK
999
_c
54457
_d
54457